MARC details
| 000 -CABECERA |
| campo de control de longitud fija |
02321nam a2200325 i 4500 |
| 001 - NÚMERO DE CONTROL |
| campo de control |
000007218 |
| 003 - IDENTIFICADOR DEL NÚMERO DE CONTROL |
| campo de control |
DO-SdBNP |
| 005 - FECHA Y HORA DE LA ÚLTIMA TRANSACCIÓN |
| campo de control |
20240520095734.0 |
| 007 - CAMPO FIJO DE DESCRIPCIÓN FÍSICA--INFORMACIÓN GENERAL |
| campo de control de longitud fija |
ta |
| 008 - DATOS DE LONGITUD FIJA--INFORMACIÓN GENERAL |
| campo de control de longitud fija |
090907s19? dr a 001 0 spa d |
| 040 ## - FUENTE DE LA CATALOGACIÓN |
| Centro catalogador/agencia de origen |
DO-SdBNP |
| Lengua de catalogación |
spa |
| Centro/agencia transcriptor |
BNPHU |
| Normas de descripción |
rda |
| 082 ## - NÚMERO DE LA CLASIFICACIÓN DECIMAL DEWEY |
| Número de clasificación |
460.071 |
| Número de documento/Ítem |
M777g |
| Número de edición |
22 |
| 245 10 - MENCIÓN DE TÍTULO |
| Título |
Cuenta conmigo! Español 7 : |
| Resto del título |
guía didáctica / |
| Mención de responsabilidad, etc. |
Liliana Montenegro, Ana M. Haché de Yunén; ilustradora Marta de Olloqui |
| 246 ## - FORMA VARIANTE DE TÍTULO |
| Título propio/Titulo breve |
Guía didáctica: |
| Resto del título |
¡cuenta conmigo! español 7 |
| 264 ## - PRODUCCIÓN, PUBLICACIÓN, DISTRIBUCIÓN, FABRICACIÓN Y COPYRIGHT |
| Producción, publicación, distribución, fabricación y copyright |
Santo Domingo : |
| Nombre del de productor, editor, distribuidor, fabricante |
PUCMM-EDUCA/PIPE, |
| Fecha de producción, publicación, distribución, fabricación o copyright |
[sin fecha] |
| 300 ## - DESCRIPCIÓN FÍSICA |
| Extensión |
150 paginas. : |
| Otras características físicas |
ilustraciones. ; |
| Dimensiones |
22 cm. |
| 336 ## - TIPO DE CONTENIDO |
| Fuente |
rdacontent |
| Término de tipo de contenido |
texto |
| Código de tipo de contenido |
txt |
| 337 ## - TIPO DE MEDIO |
| Fuente |
rdamedia |
| Nombre/término del tipo de medio |
sin mediación |
| Código del tipo de medio |
n |
| 338 ## - TIPO DE SOPORTE |
| Fuente |
rdacarriaer |
| Nombre/término del tipo de soporte |
volumen |
| Código del tipo de soporte |
nc |
| 500 ## - NOTA GENERAL |
| Nota general |
La biblioteca posee 7 |
| 505 ## - NOTA DE CONTENIDO CON FORMATO |
| Nota de contenido con formato |
Unidad I: Encuentros 1|1. Lectura comprensiva 2|2. Vocabulario 7|3. Gramática 10|4. Ortografía 12|5. Expresión oral y escrita 14|Respuestas de la Unidad I para el libro 17|Respuestas de la Unidad I para el cuaderno de trabajo 26|Unidad II: La madre naturaleza 32|1. Lectura comprensiva 33|2. Vocabulario 36|3. Gramática 37|4. Ortografía 39|5. Expresión oral y escrita 39|Respuestas de la Unidad II para el libro 42|Respuestas de la Unidad II para el cuaderno de trabajo 52|Unidad III: Hombro con hombro 59|1. Lectura comprensiva 60|2. Vocabulario 64|3. Gramática 66|4. Ortografía 68|5. Expresión oral y escrita 70|Respuestas de la Unidad III para el libro 74|Respuestas de la Unidad III para el cuaderno de trabajo 86|Unidad IV: Con otros ojos 93|1. Lectura comprensiva 94|2. Vocabulario 97|3. Gramática 99|4. Ortografía 101|5. Expresión oral y escrita 102|Respuestas de la Unidad IV para el libro 105|Respuestas de la Unidad IV para el cuaderno de trabajo 118|Unidad V: Otros mundos 125|1. Lectura comprensiva 126|2. Vocabulario 128|3. Gramática 130|4. Ortografía 131|5. Expresión oral y escrita 132|Respuestas de la Unidad V para el libro 134|Respuestas de la Unidad V para el cuaderno de trabajo 145 |
| 590 ## - NOTA LOCAL (RLIN) |
| Nota local |
Inventariado, 2023 / DG |
| 650 #0 - PUNTO DE ACCESO ADICIONAL DE MATERIA--TÉRMINO DE MATERIA |
| Término de materia o nombre geográfico como elemento de entrada |
Educación secundaria |
| 9 (RLIN) |
83598 |
| 650 #4 - PUNTO DE ACCESO ADICIONAL DE MATERIA--TÉRMINO DE MATERIA |
| Término de materia o nombre geográfico como elemento de entrada |
Español |
| 9 (RLIN) |
17487 |
| 650 #0 - PUNTO DE ACCESO ADICIONAL DE MATERIA--TÉRMINO DE MATERIA |
| Término de materia o nombre geográfico como elemento de entrada |
Maestros |
| Subdivisión general |
Enseñanza |
| 9 (RLIN) |
17439 |
| 700 1# - PUNTO DE ACCESO ADICIONAL--NOMBRE DE PERSONA |
| Nombre de persona |
Haché de Yunén, Ana Margarita, |
| Término indicativo de función/relación |
autor |
| 9 (RLIN) |
83586 |
| 700 1# - PUNTO DE ACCESO ADICIONAL--NOMBRE DE PERSONA |
| Nombre de persona |
Olloqui, Marta de, |
| Término indicativo de función/relación |
ilustraciones |
| 9 (RLIN) |
83687 |
| 910 ## - DATOS DE OPCIÓN DEL USUARIO (OCLC) |
| Datos de opción del usuario |
DG |
| 942 ## - ELEMENTOS DE PUNTO DE ACCESO ADICIONAL (KOHA) |
| Fuente del sistema de clasificación o colocación |
Dewey Decimal Classification |
| Tipo de ítem Koha |
Libro |